En busca de la música chilena: Crónica y antología de una historia sonora.
Gardado en:
| Autor Principal: | |
|---|---|
| Outros autores: | |
| Formato: | Libro |
| Idioma: | Lingua castelá |
| Publicado: |
Santiago, Chile:
Catalonia,
2013.
|
| Edición: | Primera edición |
| Series: | Colección Dos Siglos / Colección Bicentenario de Chile
|
| Subjects: | |
| Tags: |
Engadir etiqueta
Sen Etiquetas, Sexa o primeiro en etiquetar este rexistro!
|
MARC
| LEADER | 00000cam a2200000 a 4500 | ||
|---|---|---|---|
| 001 | UCC3651 | ||
| 003 | CL-VaPUC | ||
| 005 | 20250407202433.0 | ||
| 008 | 180531t20130000cl |||||||||||||||||spa|d | ||
| 999 | |c 371343 |d 371341 | ||
| 020 | |a 978-956-324-231-7 | ||
| 040 | |c Pontificia Universidad Católica de Valparaíso | ||
| 082 | 0 | 4 | |a 780.983 VAR 2013 |2 21 |
| 100 | 0 | |a Varas Morel, José Miguel |e autor |9 597711 | |
| 245 | 1 | 0 | |a En busca de la música chilena: |b Crónica y antología de una historia sonora. |
| 250 | |a Primera edición | ||
| 260 | |a Santiago, Chile: |b Catalonia, |c 2013. | ||
| 300 | |a 536 páginas: |b ilustraciones, fotografías. | ||
| 490 | |a Colección Dos Siglos / Colección Bicentenario de Chile | ||
| 500 | |a c.1-c.2. Instituto Arcos.08-01-2025. | ||
| 583 | |a last modification |c 20180531 16:15:00 |k Rodrigo Vera | ||
| 650 | 0 | |a Música chilena |9 306643 |x Historia y crítica | |
| 650 | 0 | |a Música popular |9 895532 |x Historia |z Chile | |
| 650 | 0 | |a Compositores chilenos |9 306644 | |
| 700 | |a González Rodríguez, Juan Pablo |e autor |9 546217 | ||
| 942 | |c BK |2 ddc |n 0 | ||
| 945 | |d 20180531 16:15:00 |a dcastane | ||
| 952 | |0 0 |1 0 |2 ddc |4 0 |6 780_983000000000000_VAR_2013 |7 0 |8 A |9 599731 |a BIBINC |b BIBINC |d 2025-01-22 |e Instituto Arcos |i 5664587 |o 780.983 VAR 2013 |p 5664587 |r 2025-01-22 |t 1 |w 2025-01-22 |y BK |k IFP | ||
| 952 | |0 0 |1 0 |2 ddc |4 0 |6 780_983000000000000_VAR_2013 |7 0 |8 A |9 601555 |a BIBINC |b BIBINC |d 2025-03-19 |e Instituto Arcos |i 5666420 |o 780.983 VAR 2013 |p 5666420 |r 2025-03-19 |t 2 |w 2025-03-19 |y BK |k IFP | ||